[Event "Saarland-Mecklenburg-Vorpommern 1"]
[Site "Wismar"]
[Date "2009.10.03"]
[Round "6.5"]
[White "Scheel, Henrik"]
[Black "Sonnhalter, Stella"]
[Result "1/2-1/2"]
[WhiteElo "1632"]
[BlackElo "1746"]
[PlyCount "45"]
[EventDate "2009.??.??"]
[WhiteTeam "Mecklenburg-Vorpommern 1"]
[BlackTeam "Saarland"]

1. e4 c5 2. Nf3 Nc6 3. d4 cxd4 4. Nxd4 g6 5. Nc3 Bg7 6. Be3 Nf6 7. Bc4 O-O 8.
Bb3 Ng4 9. Nxc6 Nxe3 10. Nxd8 Nxd1 11. Rxd1 Rxd8 12. O-O Bxc3 13. bxc3 b6 14.
Rd4 Bb7 15. Rfd1 Bc6 16. e5 Rdc8 17. R1d3 Rc7 18. Bd5 Rac8 19. Bxc6 Rxc6 20.
Rxd7 Rxc3 21. Rxc3 Rxc3 22. Rxa7 Rxc2 23. h3 1/2-1/2

[Event "Saarland-Mecklenburg-Vorpommern 1"]
[Site "Wismar"]
[Date "2009.10.03"]
[Round "6.6"]
[White "Schmitt, Carsten"]
[Black "Rogasch, Miriam"]
[Result "0-1"]
[WhiteElo "1588"]
[BlackElo "1578"]
[PlyCount "66"]
[EventDate "2009.??.??"]
[WhiteTeam "Saarland"]
[BlackTeam "Mecklenburg-Vorpommern 1"]

1. d4 Nf6 2. Nf3 g6 3. g3 Bg7 4. Bg2 O-O 5. O-O d6 6. c4 Nbd7 7. Nc3 e5 8. e3
c6 9. Qc2 Ne8 10. Rd1 f5 11. d5 c5 12. e4 Ndf6 13. Nd2 a6 14. a4 Nc7 15. a5 Rb8
16. Na4 Na8 17. Nc3 b5 18. cxb5 axb5 19. Bf1 Nc7 20. f3 Bd7 21. a6 Ra8 22. a7
b4 23. Ncb1 Nb5 24. Bxb5 Bxb5 25. exf5 Nxd5 26. fxg6 hxg6 27. Ne4 Bc6 28. Qb3
Qb6 29. Kh1 Rxa7 30. Rxa7 Qxa7 31. Rxd5 Qf7 32. Nxd6 Qxd5 33. Qxd5+ Bxd5 0-1

[Event "Saarland-Mecklenburg-Vorpommern 1"]
[Site "Wismar"]
[Date "2009.10.03"]
[Round "6.7"]
[White "Schoebel, Ulrike"]
[Black "Bruehan, Caren"]
[Result "1-0"]
[WhiteElo "1681"]
[BlackElo "1291"]
[PlyCount "99"]
[EventDate "2009.??.??"]
[WhiteTeam "Mecklenburg-Vorpommern 1"]
[BlackTeam "Saarland"]

1. c4 c5 2. Nc3 Nf6 3. Nf3 d5 4. cxd5 Nxd5 5. d4 e6 6. e4 Nc7 7. Bf4 a6 8. dxc5
Bxc5 9. Qxd8+ Kxd8 10. Rd1+ Bd7 11. Ne5 Rf8 12. Be2 f6 13. Nxd7 Nxd7 14. O-O e5
15. Be3 Bxe3 16. fxe3 Ke8 17. Rd2 Rd8 18. Rfd1 b5 19. Bg4 Rf7 20. Nd5 Nxd5 21.
Rxd5 g6 22. Be6 Re7 23. Rd6 a5 24. b3 h6 25. g4 h5 26. h3 hxg4 27. hxg4 a4 28.
b4 g5 29. a3 Rg7 30. Bf5 Re7 31. Kf2 Rg7 32. Ke2 Re7 33. R1d2 Rg7 34. Ke1 Re7
35. Kd1 Rg7 36. Ke1 Re7 37. Ke2 Rg7 38. Ke1 Re7 39. Kf2 Rg7 40. Rd1 Re7 41.
R1d5 Rg7 42. Ke2 Re7 43. Rxb5 Ra8 44. Bxd7+ Rxd7 45. Rxf6 Rh7 46. Rxe5+ Kd7 47.
Rxg5 Rh2+ 48. Rf2 Rxf2+ 49. Kxf2 Ke6 50. Kf3 1-0

[Event "Saarland-Mecklenburg-Vorpommern 1"]
[Site "Wismar"]
[Date "2009.10.03"]
[Round "6.8"]
[White "Hess, Sophie"]
[Black "Sadewasser, Lucie"]
[Result "0-1"]
[WhiteElo "970"]
[BlackElo "1031"]
[PlyCount "62"]
[EventDate "2009.??.??"]
[WhiteTeam "Saarland"]
[BlackTeam "Mecklenburg-Vorpommern 1"]

1. b4 e5 2. Bb2 f6 3. a3 d5 4. e3 Bd6 5. c4 Be6 6. c5 Be7 7. Nf3 Nh6 8. h3 Nf7
9. Be2 O-O 10. O-O b6 11. cxb6 axb6 12. Qc2 Bd6 13. d3 Qd7 14. Nbd2 f5 15. Kh1
c5 16. bxc5 bxc5 17. Rfe1 e4 18. dxe4 fxe4 19. Ng1 Ng5 20. f4 Nf7 21. Qc3 Nh6
22. Bf1 Nf5 23. Ne2 Nc6 24. g3 d4 25. exd4 cxd4 26. Qc1 d3 27. Nc3 Nxg3+ 28.
Kg1 Bxh3 29. Re3 Bc5 30. Kf2 Rxf4+ 31. Kxg3 Qg4+ 0-1

[Event "Sachsen-Anhalt-Thueringen"]
[Site "Wismar"]
[Date "2009.10.03"]
[Round "6.1"]
[White "Wendling, Hannes"]
[Black "Rafayevych, Vilen"]
[Result "1/2-1/2"]
[WhiteElo "2193"]
[BlackElo "2042"]
[PlyCount "192"]
[EventDate "2009.??.??"]
[WhiteTeam "Thüringen"]
[BlackTeam "Sachsen-Anhalt"]

1. e4 c5 2. Nf3 e6 3. d4 cxd4 4. Nxd4 Nc6 5. Nc3 Qc7 6. Be2 a6 7. a3 Nf6 8. Be3
Bd6 9. Qd2 Be5 10. g4 Nxd4 11. Bxd4 Bf4 12. Qd3 b5 13. h4 h6 14. Rg1 Bb7 15. g5
hxg5 16. hxg5 Nh7 17. g6 fxg6 18. Rxg6 Ng5 19. Rxg7 O-O-O 20. Be3 Rh1+ 21. Bf1
Bxe3 22. Qxe3 Qc4 23. O-O-O Rxf1 24. Rxg5 Rxd1+ 25. Kxd1 d5 26. exd5 exd5 27.
Qd3 Qh4 28. Qf5+ Kb8 29. Kc1 d4 30. Ne2 Ka8 31. Rg1 Qe7 32. Qg5 Qc7 33. Qg3 Qc4
34. Qd3 Qc7 35. f4 Re8 36. Nxd4 Qxf4+ 37. Qd2 Qe4 38. Nb3 Qe5 39. Qd4 Qxd4 40.
Nxd4 Ka7 41. Rg6 Re4 42. Rd6 Rh4 43. Nb3 Bf3 44. Kd2 Rc4 45. Nd4 Be4 46. c3 Rc7
47. Ne6 Rc8 48. Ke3 Bb7 49. Kd4 Rc4+ 50. Kd3 Be4+ 51. Ke3 Bb7 52. Nd4 Rc7 53.
Nb3 Bg2 54. Na5 Bh1 55. Kd4 Rh7 56. Nb3 Rh4+ 57. Ke3 Rc4 58. Rh6 Bg2 59. Nd4
Rc7 60. Kd2 Be4 61. b4 Bd5 62. Rd6 Bc4 63. Nc6+ Kb7 64. Na5+ Ka7 65. Ke3 Bg8
66. Kd4 Bc4 67. a4 Bg8 68. Nc6+ Kb7 69. axb5 axb5 70. Ne5 Bb3 71. Rd7 Rxd7+ 72.
Nxd7 Kc6 73. Nc5 Bf7 74. Ke5 Bc4 75. Ne4 Bf7 76. Nd2 Bd5 77. Nf1 Bf7 78. Ne3
Bb3 79. Nf5 Bc4 80. Nd4+ Kc7 81. Nc2 Kc6 82. Ne3 Bb3 83. Nf5 Bc4 84. Ng7 Bb3
85. Ne6 Bc4 86. Nf8 Bb3 87. Ng6 Bc4 88. Ke4 Bb3 89. Ne7+ Kd6 90. Nf5+ Kc6 91.
Ke5 Bc4 92. Nd4+ Kc7 93. Nxb5+ Bxb5 94. Kd5 Kb6 95. c4 Bxc4+ 96. Kxc4 Kc6
1/2-1/2

[Event "Sachsen-Anhalt-Thueringen"]
[Site "Wismar"]
[Date "2009.10.03"]
[Round "6.2"]
[White "Mertens, Pauline"]
[Black "Siebarth, Raiko"]
[Result "1-0"]
[WhiteElo "2014"]
[BlackElo "2218"]
[PlyCount "103"]
[EventDate "2009.??.??"]
[WhiteTeam "Sachsen-Anhalt"]
[BlackTeam "Thüringen"]

1. e4 c5 2. Nf3 Nc6 3. d4 cxd4 4. Nxd4 Nf6 5. Nc3 e5 6. Ndb5 d6 7. Bg5 a6 8.
Na3 b5 9. Bxf6 gxf6 10. Nd5 Bg7 11. c3 Be6 12. Nc2 f5 13. exf5 Bxf5 14. Nce3
Be6 15. Bd3 Ne7 16. Nxe7 Qxe7 17. Be4 Rd8 18. O-O Qd7 19. Bd5 O-O 20. a4 Rb8
21. axb5 axb5 22. Ra6 Rfd8 23. Qd3 Bxd5 24. Qxd5 Qe6 25. Rd1 Bf8 26. h3 Qg6 27.
Ng4 Re8 28. Rd3 Kh8 29. Rg3 Re6 30. Ra8 Rxa8 31. Qxa8 Qg7 32. Nxe5 Rxe5 33.
Rxg7 Kxg7 34. Kf1 Be7 35. Qc6 Rc5 36. Qe4 Re5 37. Qd3 h5 38. f4 Rc5 39. g4 hxg4
40. hxg4 Rc4 41. Qe3 Kf8 42. Kg2 Rc5 43. g5 Bd8 44. Qd4 Rc6 45. Qd5 Rb6 46. Kf3
Ke8 47. Kg4 Kf8 48. f5 Kg7 49. Qa8 Bxg5 50. Kxg5 d5 51. Qxd5 b4 52. f6+ 1-0

[Event "Sachsen-Anhalt-Thueringen"]
[Site "Wismar"]
[Date "2009.10.03"]
[Round "6.3"]
[White "Urban, Lars"]
[Black "Mueller, Alexander"]
[Result "1/2-1/2"]
[WhiteElo "1831"]
[BlackElo "1928"]
[PlyCount "49"]
[EventDate "2009.??.??"]
[WhiteTeam "Thüringen"]
[BlackTeam "Sachsen-Anhalt"]

1. d4 d5 2. c4 e6 3. Nc3 Nf6 4. cxd5 exd5 5. Bg5 Be7 6. Nf3 O-O 7. e3 c6 8. Bd3
Nbd7 9. Qc2 Re8 10. h3 Nf8 11. Bf4 Ne6 12. Be5 g6 13. Rb1 Ng7 14. b4 a6 15. a4
Bf5 16. O-O Bd6 17. b5 axb5 18. axb5 Bxe5 19. Nxe5 Bxd3 20. Nxd3 Qd6 21. bxc6
bxc6 22. Na4 Nf5 23. Rfc1 Ne7 24. Ne5 Rac8 25. Rb6 1/2-1/2

[Event "Sachsen-Anhalt-Thueringen"]
[Site "Wismar"]
[Date "2009.10.03"]
[Round "6.4"]
[White "Zimmermann, Christian"]
[Black "Schaetz, Bianca"]
[Result "0-1"]
[WhiteElo "1720"]
[BlackElo "1674"]
[PlyCount "122"]
[EventDate "2009.??.??"]
[WhiteTeam "Sachsen-Anhalt"]
[BlackTeam "Thüringen"]

1. e4 c5 2. Nf3 Nc6 3. d4 cxd4 4. Nxd4 g6 5. Nc3 Bg7 6. Be3 Nf6 7. Bc4 Qa5 8.
Bb3 Nxe4 9. Qd3 Nxc3 10. bxc3 O-O 11. O-O d6 12. f4 Nxd4 13. cxd4 Bf5 14. Qe2
Qc3 15. Rad1 Rac8 16. Rf2 h5 17. h3 h4 18. Kh1 a6 19. d5 Qc7 20. a4 Rfe8 21.
Bd4 Bxd4 22. Rxd4 Qc3 23. Rd2 e5 24. Rf3 Qb4 25. Re3 Rc3 26. Rxc3 Qxc3 27. Rd1
Qg3 28. Rf1 e4 29. Rf2 Qc3 30. Rf1 e3 31. Re1 Kf8 32. Rd1 Rc8 33. Re1 Qd2 34.
Qxe3 Qxe3 35. Rxe3 Bxc2 36. Bxc2 Rxc2 37. Rd3 Rc1+ 38. Kh2 Rc4 39. Rb3 Rxa4 40.
Rxb7 Rxf4 41. Rb6 Ke7 42. Rxa6 Rf5 43. Ra5 Kd7 44. Ra7+ Kd8 45. Kg1 Ke8 46. Ra5
Ke7 47. Kh2 Kf6 48. Ra4 g5 49. Rd4 Ke5 50. Rd2 Rf4 51. g3 hxg3+ 52. Kxg3 Rd4
53. Rxd4 Kxd4 54. Kg4 Ke4 55. Kxg5 f5 56. h4 f4 57. h5 f3 58. h6 f2 59. h7 f1=Q
60. h8=Q Qg1+ 61. Kf6 Qa1+ 0-1

[Event "Sachsen-Anhalt-Thueringen"]
[Site "Wismar"]
[Date "2009.10.03"]
[Round "6.5"]
[White "Senf, Paul"]
[Black "Mueller, Alexandra"]
[Result "0-1"]
[WhiteElo "1494"]
[BlackElo "1713"]
[PlyCount "80"]
[EventDate "2009.??.??"]
[WhiteTeam "Thüringen"]
[BlackTeam "Sachsen-Anhalt"]

1. e4 e5 2. Nf3 Nc6 3. d4 exd4 4. Nxd4 Bc5 5. Nxc6 Qf6 6. Qd2 bxc6 7. Nc3 Ne7
8. Qf4 Qxf4 9. Bxf4 Bb6 10. Bc4 O-O 11. O-O Rd8 12. Rad1 d6 13. Rfe1 Be6 14.
Bxe6 fxe6 15. Kf1 Kf7 16. Re2 h6 17. a3 Ng6 18. Be3 d5 19. exd5 cxd5 20. Na4 e5
21. Nxb6 axb6 22. Bd2 c5 23. f3 d4 24. Be1 Kf6 25. Bg3 c4 26. Ra1 Ra5 27. Rd2
Rb5 28. Ra2 Rbd5 29. Ra1 b5 30. Kf2 Nf8 31. Re1 Nd7 32. h3 Nc5 33. Kf1 Na4 34.
Rb1 Nxb2 35. Re1 c3 36. Rde2 Nc4 37. h4 g5 38. hxg5+ hxg5 39. Kg1 Ra8 40. Ra1
Rxa3 0-1

[Event "Sachsen-Anhalt-Thueringen"]
[Site "Wismar"]
[Date "2009.10.03"]
[Round "6.6"]
[White "Knopf, Felix"]
[Black "Juenger, Theresa"]
[Result "1/2-1/2"]
[WhiteElo "1667"]
[BlackElo "1581"]
[PlyCount "112"]
[EventDate "2009.??.??"]
[WhiteTeam "Sachsen-Anhalt"]
[BlackTeam "Thüringen"]

1. d4 d5 2. c4 e6 3. Nc3 Nf6 4. Nf3 Be7 5. Bg5 c6 6. cxd5 exd5 7. e3 Bf5 8. Bd3
Bxd3 9. Qxd3 O-O 10. O-O Nbd7 11. Rab1 a5 12. Qc2 Re8 13. a3 Rc8 14. b4 b5 15.
Bxf6 Bxf6 16. a4 axb4 17. Rxb4 Be7 18. Rb2 bxa4 19. Nxa4 Bd6 20. Rb7 Rc7 21.
Rfb1 Rxb7 22. Rxb7 Qc8 23. Rb1 Qc7 24. h3 Rb8 25. Rc1 Rc8 26. Nc3 Nf6 27. Qf5
Qd8 28. Ng5 h6 29. Nf3 Ba3 30. Rb1 Rb8 31. Ne5 Rxb1+ 32. Nxb1 Bd6 33. Nxc6 Qb6
34. Ne5 Bxe5 35. dxe5 Ne4 36. Qc8+ Kh7 37. Qc2 Qb4 38. Kf1 Qb5+ 39. Ke1 Qb4+
40. Kd1 g6 41. f3 Ng5 42. Nd2 Qa3 43. Ke2 Qa1 44. f4 Ne6 45. Nb3 Qg1 46. Kd3
Qf1+ 47. Qe2 Qb1+ 48. Kc3 Qe4 49. Qd2 Qc4+ 50. Kb2 Qb5 51. g4 Nc5 52. Qc2 Nxb3
53. Qxb3 Qe2+ 54. Ka3 Qa6+ 55. Kb2 Qe2+ 56. Kc1 Qe1+ 1/2-1/2

[Event "Sachsen-Anhalt-Thueringen"]
[Site "Wismar"]
[Date "2009.10.03"]
[Round "6.7"]
[White "Zahn, Alina"]
[Black "Priese, Annika"]
[Result "1-0"]
[WhiteElo "1583"]
[BlackElo "1284"]
[PlyCount "93"]
[EventDate "2009.??.??"]
[WhiteTeam "Thüringen"]
[BlackTeam "Sachsen-Anhalt"]

1. e4 c5 2. Nf3 d6 3. d4 cxd4 4. Nxd4 Nf6 5. Nc3 a6 6. f4 e6 7. Qf3 Be7 8. Be3
Nbd7 9. O-O-O Qc7 10. g4 O-O 11. g5 Ne8 12. h4 b5 13. Kb1 b4 14. Nce2 a5 15. h5
a4 16. g6 Nc5 17. gxh7+ Kh8 18. Rc1 b3 19. cxb3 axb3 20. Nxb3 Qa7 21. Nc3 Nxb3
22. axb3 Qb7 23. Bc4 Bd7 24. Bd4 Nf6 25. Qg2 Bc6 26. Rhg1 Bxe4+ 27. Nxe4 Qxe4+
28. Qxe4 Nxe4 29. Bxg7+ Kxh7 30. Bd3 d5 31. Bxe4+ dxe4 32. Bxf8 Bxf8 33. Rc7 e3
34. Rxf7+ Kh8 35. Re1 Bc5 36. h6 Rd8 37. Rc7 Bb6 38. Rc4 Rd2 39. Rc2 Rd3 40.
Rc3 Rd5 41. Rc6 Rb5 42. Rxe6 Rxb3 43. Kc2 Rb4 44. f5 Kh7 45. f6 Rc4+ 46. Kb3
Ba5 47. f7 1-0

[Event "Sachsen-Anhalt-Thueringen"]
[Site "Wismar"]
[Date "2009.10.03"]
[Round "6.8"]
[White "Pallas, Sebastian"]
[Black "Juenger, Alexander"]
[Result "1-0"]
[WhiteElo "1371"]
[BlackElo "1346"]
[PlyCount "71"]
[EventDate "2009.??.??"]
[WhiteTeam "Sachsen-Anhalt"]
[BlackTeam "Thüringen"]

1. d4 d5 2. c4 e6 3. Nc3 Nf6 4. Bg5 Be7 5. Nf3 Nbd7 6. e3 O-O 7. Bd3 b6 8. cxd5
exd5 9. O-O Bb7 10. Qe2 Ne4 11. Bxe7 Qxe7 12. Rac1 c5 13. Rfd1 Ndf6 14. Bxe4
dxe4 15. Ne1 Rac8 16. Nc2 Rfd8 17. Rd2 Nd5 18. Ne1 c4 19. Nc2 Ba6 20. a3 Nxc3
21. bxc3 Bb5 22. Ra1 a5 23. a4 Ba6 24. Ne1 Rc6 25. Rb2 Rdd6 26. Nc2 Rh6 27. Na3
Qc7 28. g3 Rh3 29. Qg4 Rch6 30. Qxe4 Qb8 31. Rab1 Re6 32. Rxb6 Qe8 33. Rxe6
fxe6 34. Qf4 Rh6 35. Rb8 Bc8 36. Qc7 1-0